000 00511nam a2200217Ia 4500
003 IT-RoPAU
008 120407s9999 xx 000 0 und d
040 _aIT-RoPAU
040 _cIT-RoPAU
041 _afra
100 _aPaul Evdokimov
245 _aLa femme et le salut du monde. Etude d’antropologie chrétienne sur les charisme de la femme.
250 _aParis
260 _aCasterman
260 _c1958
300 _a273 p.
300 _c21 cm
490 _v1
942 _cBK
999 _c31132
_d31132